[Event "CRO-ch U17"]
[Site "Split"]
[Date "2024.07.28"]
[Round "9"]
[White "Gal, Andrej"]
[Black "Mandalinic, David"]
[Result "1-0"]
[WhiteElo "2281"]
[BlackElo "2006"]
[PlyCount "43"]
[EventDate "2024.07.22"]
[EventType "swiss"]
[EventRounds "9"]
[EventCountry "CRO"]
[SourceTitle "CBM 221 Extra"]
[Source "ChessBase"]
[SourceDate "2024.09.30"]
[SourceVersion "1"]
[SourceVersionDate "2024.09.30"]
[SourceQuality "1"]

1. d4 Nf6 2. c4 e6 3. Nf3 d5 4. g3 Bb4+ 5. Bd2 Be7 6. Bg2 0-0 7. Qc2 Nbd7 8. 0-0 c6 9. Bf4 b6 10. Nc3 dxc4 11. Nd2 Nd5 12. Nxc4 Nxf4 13. gxf4 Bb7 14. e3 Qc7 15. Rad1 Nf6 16. Ne4 Nxe4 17. Bxe4 g6 18. Ne5 c5 19. dxc5 Bxc5 20. Rd7 Bxe4 21. Qxe4 Qc8 22. Rfd1 1-0